Finančná analýza podniku Petit Press, a.s. za roky 2005-2007 diplomová práca
Gespeichert in:
| 1. Verfasser: | |
|---|---|
| Körperschaft: | |
| Weitere Verfasser: | |
| Format: | Buch |
| Sprache: | Slowakisch |
| Veröffentlicht: |
Bratislava
2009
|
| Tags: |
Keine Tags, Fügen Sie das erste Tag hinzu!
|
MARC
| LEADER | 00000nam$a2200000$$$4500 | ||
|---|---|---|---|
| 001 | 0101427 | ||
| 005 | 20240319124507.8 | ||
| 041 | 0 | |a slo | |
| 044 | |a SK | ||
| 245 | 1 | 0 | |a Finančná analýza podniku Petit Press, a.s. za roky 2005-2007 |b diplomová práca |c Zuzana Kohýlová ; škol. Elena Moravčíková |
| 264 | 1 | |a Bratislava |c 2009 | |
| 300 | |a 67 s. | ||
| 100 | 1 | |a Kohýlová, Zuzana | |
| 700 | 1 | |a Moravčíková, Elena, 1967- | |
| 710 | 2 | |a Fakulta podnikového manažmentu EU. Katedra podnikových financií | |